<?xml version="1.0" encoding="UTF-8"?><?xml-stylesheet type="text/xsl" href="static/style.xsl"?><OAI-PMH xmlns="http://www.openarchives.org/OAI/2.0/" xmlns:xsi="http://www.w3.org/2001/XMLSchema-instance" xsi:schemaLocation="http://www.openarchives.org/OAI/2.0/ http://www.openarchives.org/OAI/2.0/OAI-PMH.xsd"><responseDate>2026-06-01T19:50:01Z</responseDate><request verb="GetRecord" identifier="oai:riuma.uma.es:10630/33151" metadataPrefix="marc">https://riuma.uma.es/rest/oai/request</request><GetRecord><record><header><identifier>oai:riuma.uma.es:10630/33151</identifier><datestamp>2026-02-03T11:35:25Z</datestamp><setSpec>com_10630_2254</setSpec><setSpec>col_10630_37953</setSpec></header><metadata><record xmlns="http://www.loc.gov/MARC21/slim" xmlns:dcterms="http://purl.org/dc/terms/" xmlns:doc="http://www.lyncode.com/xoai" xmlns:xsi="http://www.w3.org/2001/XMLSchema-instance" xsi:schemaLocation="http://www.loc.gov/MARC21/slim http://www.loc.gov/standards/marcxml/schema/MARC21slim.xsd">
   <leader>00925njm 22002777a 4500</leader>
   <datafield ind2=" " ind1=" " tag="042">
      <subfield code="a">dc</subfield>
   </datafield>
   <datafield ind2=" " ind1=" " tag="720">
      <subfield code="a">Bejines-López, Carlos</subfield>
      <subfield code="e">author</subfield>
   </datafield>
   <datafield ind2=" " ind1=" " tag="720">
      <subfield code="a">Ojeda Hernández, Manuel</subfield>
      <subfield code="e">author</subfield>
   </datafield>
   <datafield ind2=" " ind1=" " tag="720">
      <subfield code="a">López-Rodríguez, Domingo</subfield>
      <subfield code="e">author</subfield>
   </datafield>
   <datafield ind2=" " ind1=" " tag="260">
      <subfield code="c">2024</subfield>
   </datafield>
   <datafield ind2=" " ind1=" " tag="520">
      <subfield code="a">Flag codes are a recent network coding strategy based on linear algebra. Fuzzy vector subspaces extend the notions of classical linear algebra. They can be seen as abstractions of flags to the point that several fuzzy vector subspaces can be identified to the same flag, which naturally induces an equivalence relation on the set of fuzzy vector subspaces. The main contributions of this work are the methodological abstraction of flags and flag codes in terms of fuzzy vector subspaces, as well as the generalisation of three distinct equivalence relations that originated from the fuzzy subgroup theory and study of their connection with flag codes, computing the number of equivalence classes in the discrete case, which represent the number of essentially distinct flags, and a comprehensive analysis of such relations and the properties of the corresponding quotient sets.</subfield>
   </datafield>
   <datafield ind1="8" ind2=" " tag="024">
      <subfield code="a">Bejines, C., Ojeda-Hernández, M., &amp; López-Rodríguez, D. (2024). Analysis of Fuzzy Vector Spaces as an Algebraic Framework for Flag Codes. Mathematics, 12(3), 498.</subfield>
   </datafield>
   <datafield ind1="8" ind2=" " tag="024">
      <subfield code="a">https://hdl.handle.net/10630/33151</subfield>
   </datafield>
   <datafield ind1="8" ind2=" " tag="024">
      <subfield code="a">10.3390/math12030498</subfield>
   </datafield>
   <datafield tag="653" ind2=" " ind1=" ">
      <subfield code="a">Matemáticas difusas</subfield>
   </datafield>
   <datafield ind2="0" ind1="0" tag="245">
      <subfield code="a">Analysis of Fuzzy Vector Spaces as an Algebraic Framework for Flag Codes</subfield>
   </datafield>
</record>
</metadata></record></GetRecord></OAI-PMH>